Fundamentals of mechanical engineering : (Record no. 95353)

MARC details
000 -LEADER
fixed length control field 00720nam a22002057a 4500
005 - DATE AND TIME OF LATEST TRANSACTION
control field 20150921120450.0
010 ## - LCCN (DPL NO)
LC control number ENG-113738
020 ## - INTERNATIONAL STANDARD BOOK NUMBER
International Standard Book Number 9788120351332
Terms of availability 595.00
035 ## - SYSTEM CONTROL NUMBER
System control number EN- 97270
037 ## - SOURCE OF ACQUISITION
Source of stock number/acquisition DBAD/PUB
082 ## - DEWEY DECIMAL CLASSIFICATION NUMBER
Classification number 621
100 ## - MAIN ENTRY--PERSONAL NAME
Personal name Sawhney, G.S.
245 ## - TITLE STATEMENT
Title Fundamentals of mechanical engineering :
Statement of responsibility, etc by G.S. Sawhney
Remainder of title themodynamics, mechanics, theory of machines, strengh of materials and fluid dynamics /
250 ## - EDITION STATEMENT
Edition statement 3ed ed
260 ## - PUBLICATION, DISTRIBUTION, ETC. (IMPRINT)
Place of publication, distribution, etc Delhi
Name of publisher, distributor, etc PHI Learning
Date of publication, distribution, etc 2015
270 ## - ADDRESS
Address Rimjhim House, 111, Patparganj Industrial Estate,
City Delhi
Postal code 110092
300 ## - PHYSICAL DESCRIPTION
Extent x,938p. :
Dimensions 25cm(pbk)
Other physical details ill.
500 ## - GENERAL NOTE
General note Includes bibliographical references and index
942 ## - ADDED ENTRY ELEMENTS (KOHA)
Source of classification or shelving scheme Dewey Decimal Classification
Item type English Books
Call number suffix SAW
Classification part 621
Holdings
Withdrawn status Lost status Not for loan Collection code Home library Current library Date acquired Source of acquisition Cost, normal purchase price Full call number Barcode Copy number Cost, replacement price Koha item type
    Not For Loan Non-fiction D.B.Act.Division D.B.Act.Division 30/07/2015 DBAD/PUB 595.00 621 SAW EN-97270 1 595.00 English Books

© Delhi Public Library
Hit Counter
free hit counter